[Event "Central America Carribean-ch U20"]
[Site "Medellin"]
[Date "2009.08.03"]
[Round "8"]
[White "Ramsay, Zachary"]
[Black "Naranjo, Sabina Yanet"]
[Result "0-1"]
[WhiteElo "1952"]
[BlackElo "1895"]
[PlyCount "94"]
[EventDate "2009.07.30"]
[EventType "swiss"]
[EventRounds "9"]
[EventCountry "COL"]
[SourceTitle "CBM 131 Extra"]
[Source "ChessBase"]
[SourceDate "2009.09.03"]
[SourceVersion "2"]
[SourceVersionDate "2009.09.16"]
[SourceQuality "1"]

1. d4 Nf6 2. c4 g6 3. Nc3 Bg7 4. e4 d6 5. f3 0-0 6. Be3 e5 7. Nge2 Nc6 8. Qd2 Re8 9. d5 Ne7 10. Nc1 Nd7 11. Be2 f5 12. 0-0 f4 13. Bf2 g5 14. Nd3 Nf6 15. c5 g4 16. cxd6 cxd6 17. Nb5 gxf3 18. Bxf3 Ng4 19. Bxg4 Bxg4 20. Qb4 Be2 21. Qd2 Bxf1 22. Rxf1 a6 23. Na3 Rc8 24. Qb4 b5 25. Nb1 Rc4 26. Qe1 Qd7 27. Na3 Rcc8 28. Qa5 Qb7 29. Nb4 Ra8 30. Bb6 Qd7 31. Nb1 Ng6 32. Nc6 Nh8 33. Nd2 Nf7 34. Nf3 Bf6 35. Qd2 Nd8 36. Rc1 Kh8 37. Rc3 Rg8 38. Qc2 Rc8 39. b4 Qb7 40. Ba5 Nf7 41. Qf2 Bd8 42. Bxd8 Nxd8 43. Qh4 Qg7 44. Qh3 Nxc6 45. dxc6 Rc7 46. Rc2 Qg4 47. Qh6 Qxf3 0-1

[Event "Central America Carribean-ch U20"]
[Site "Medellin"]
[Date "2009.08.02"]
[Round "5"]
[White "Naranjo, Sabina Yanet"]
[Black "Hurtado, Felipe"]
[Result "0-1"]
[WhiteElo "1895"]
[BlackElo "2056"]
[PlyCount "66"]
[EventDate "2009.07.30"]
[EventType "swiss"]
[EventRounds "9"]
[EventCountry "COL"]
[SourceTitle "CBM 131 Extra"]
[Source "ChessBase"]
[SourceDate "2009.09.03"]
[SourceVersion "2"]
[SourceVersionDate "2009.09.16"]
[SourceQuality "1"]

1. e4 c6 2. d4 d5 3. Nc3 dxe4 4. Nxe4 Nd7 5. Nf3 Ngf6 6. Bd3 Nxe4 7. Bxe4 Nf6 8. Bd3 Bg4 9. Be3 e6 10. Qd2 Bxf3 11. gxf3 Qd5 12. Be2 0-0-0 13. c4 Qf5 14. 0-0-0 Kb8 15. Rhg1 h6 16. Bf4+ Ka8 17. Bd3 Qh5 18. Be4 Nxe4 19. fxe4 f6 20. Be3 Qxh2 21. d5 Qc7 22. Kb1 c5 23. Qc3 e5 24. a3 g5 25. Ka2 h5 26. b4 Rc8 27. Kb3 h4 28. Rg4 Bd6 29. bxc5 Bxc5 30. Bxc5 Qxc5 31. Rd2 b5 32. Rc2 Rb8 33. cxb5 Qxb5+ 0-1